000 00429cam a22001097a 4500
008 180718b1965 xxu||||| |||| 00| 0 eng d
082 _aT2196x54 In2s/1965
245 _aReport of the sub-group on small scale industries
_cby Ministry of Industry & Supply, Department of Industry, Delhi
260 _aNew Delhi
_bGovernment of India
_c1965
300 _av, 347p
700 _aIndia. Department of Industry, Ministry of Industry & Supply
999 _c497591
_d497591